[Event "Bundesliga 0102"]
[Site "Deutschland"]
[Date "2002.02.01"]
[Round "5.3"]
[White "Schmitz, Andreas Arnold"]
[Black "Lobron, Eric"]
[Result "0-1"]
[WhiteElo "2185"]
[BlackElo "2524"]
[PlyCount "120"]
[EventDate "2001.10.06"]
[EventType "team"]
[EventRounds "15"]
[EventCountry "GER"]
[SourceTitle "Bundesliga 0102"]
[Source "DeepChess"]
[SourceDate "2005.01.01"]
[SourceVersion "1"]
[SourceVersionDate "2005.01.01"]
[SourceQuality "1"]
[WhiteTeam "SGEM Heiligenhaus 1937 e. V."]
[BlackTeam "SG 1868 Aljech. Solingen"]
[WhiteTeamCountry "GER"]
[BlackTeamCountry "GER"]

1. e4 c6 2. f4 d5 3. d3 dxe4 4. dxe4 Qxd1+ 5. Kxd1 Nd7 6. e5 Nh6 7. Nf3 f6 8.
exf6 exf6 9. Bc4 Bc5 10. Re1+ Kf8 11. Be3 Bxe3 12. Rxe3 Nb6 13. Be6 Nf5 14. Re1
Bxe6 15. Rxe6 Rd8+ 16. Kc1 Nd5 17. g3 h5 18. c4 Nde3 19. Nbd2 Kf7 20. Re4 h4
21. Nxh4 Nxh4 22. Rxe3 Nf5 23. Re2 Nxg3 24. Rg2 Nf5 25. b3 Rh4 26. Rf2 Rd4 27.
Kb2 Rhxf4 28. Rxf4 Rxf4 29. Kc3 Rh4 30. Rf1 Rh3+ 31. Rf3 Rxf3+ 32. Nxf3 g5 33.
Kd3 c5 34. Nd2 Ke6 35. a3 a5 36. Ne4 b6 37. Nc3 Nd4 38. b4 axb4 39. axb4 cxb4
40. Nd5 Nf3 41. Nxb4 Nxh2 42. Nd5 Ng4 43. Nxb6 Ne5+ 44. Kd4 Nc6+ 45. Kc5 Ne7
46. Kd4 f5 47. Ke3 Nc6 48. Nd5 Ke5 49. Kf3 Nd4+ 50. Kg3 Nb3 51. Ne7 Nd2 52.
Nc6+ Ke4 53. Nd8 Nxc4 54. Ne6 f4+ 55. Kg4 Ne5+ 56. Kh5 Nf7 57. Kg4 f3 58. Ng7
Nh6+ 59. Kg3 Ke3 60. Ne6 Nf5+ 0-1

[Event "Bundesliga 0102"]
[Site "Deutschland"]
[Date "2002.02.01"]
[Round "5.4"]
[White "Emms, John M"]
[Black "Lindner, Arnd"]
[Result "1-0"]
[WhiteElo "2532"]
[BlackElo "2120"]
[PlyCount "101"]
[EventDate "2001.10.06"]
[EventType "team"]
[EventRounds "15"]
[EventCountry "GER"]
[SourceTitle "Bundesliga 0102"]
[Source "DeepChess"]
[SourceDate "2005.01.01"]
[SourceVersion "1"]
[SourceVersionDate "2005.01.01"]
[SourceQuality "1"]
[WhiteTeam "SG 1868 Aljech. Solingen"]
[BlackTeam "SGEM Heiligenhaus 1937 e. V."]
[WhiteTeamCountry "GER"]
[BlackTeamCountry "GER"]

1. e4 c5 2. Nc3 Nc6 3. Nf3 Nf6 4. Bb5 d6 5. e5 dxe5 6. Nxe5 Bd7 7. Bxc6 Bxc6 8.
Nxc6 bxc6 9. O-O e6 10. d3 Be7 11. Qe2 O-O 12. Ne4 Nxe4 13. dxe4 Qb6 14. b3
Rfd8 15. Bb2 Bf8 16. Rad1 Qb5 17. c4 Qa5 18. Ba1 Rxd1 19. Rxd1 Rd8 20. Rxd8
Qxd8 21. g3 Be7 22. Kg2 Bf6 23. e5 Be7 24. Bc3 h6 25. h4 Bf8 26. h5 Qd7 27. g4
Be7 28. Qd2 Qxd2 29. Bxd2 Kf8 30. Kf3 Ke8 31. Ke4 Kd7 32. f4 Bf8 33. f5 Ke7 34.
Be3 Kd7 35. f6 g5 36. Bd2 Kc8 37. Ba5 Kd7 38. Kd3 Kc8 39. Kc2 Kd7 40. Kb2 Kc8
41. Ka3 Kb7 42. Ka4 Kc8 43. Bd2 Kc7 44. Ka5 Kb7 45. Be1 a6 46. Bd2 Ka7 47. Ka4
Kb6 48. Ba5+ Kb7 49. Bd8 Kc8 50. Bb6 Kb8 51. Ka5 1-0

[Event "Bundesliga 0102"]
[Site "Deutschland"]
[Date "2002.02.01"]
[Round "5.5"]
[White "Heller, Achim"]
[Black "Chandler, Murray G"]
[Result "0-1"]
[WhiteElo "2027"]
[BlackElo "2540"]
[PlyCount "50"]
[EventDate "2001.10.06"]
[EventType "team"]
[EventRounds "15"]
[EventCountry "GER"]
[SourceTitle "Bundesliga 0102"]
[Source "DeepChess"]
[SourceDate "2005.01.01"]
[SourceVersion "1"]
[SourceVersionDate "2005.01.01"]
[SourceQuality "1"]
[WhiteTeam "SGEM Heiligenhaus 1937 e. V."]
[BlackTeam "SG 1868 Aljech. Solingen"]
[WhiteTeamCountry "GER"]
[BlackTeamCountry "GER"]

1. d4 Nf6 2. c4 e6 3. Nc3 Bb4 4. Qc2 c5 5. dxc5 O-O 6. a3 Bxc5 7. Nf3 b6 8. Bg5
Bb7 9. e4 h6 10. Bh4 Be7 11. e5 Nh5 12. Bxe7 Qxe7 13. Qd2 Bxf3 14. gxf3 Nc6 15.
f4 Qh4 16. Ne2 Rad8 17. Rg1 f6 18. O-O-O Qxf2 19. f5 Nxe5 20. Rg2 Qxf5 21. Qxh6
Nd3+ 22. Kd2 Nxb2 23. Rc1 d5 24. Kc3 Qe5+ 25. Kc2 Nxc4 0-1

[Event "Bundesliga 0102"]
[Site "Deutschland"]
[Date "2002.02.01"]
[Round "5.6"]
[White "Rowson, Jonathan"]
[Black "Kesseler, Heiko"]
[Result "1-0"]
[WhiteElo "2514"]
[BlackElo "2057"]
[PlyCount "113"]
[EventDate "2001.10.06"]
[EventType "team"]
[EventRounds "15"]
[EventCountry "GER"]
[SourceTitle "Bundesliga 0102"]
[Source "DeepChess"]
[SourceDate "2005.01.01"]
[SourceVersion "1"]
[SourceVersionDate "2005.01.01"]
[SourceQuality "1"]
[WhiteTeam "SG 1868 Aljech. Solingen"]
[BlackTeam "SGEM Heiligenhaus 1937 e. V."]
[WhiteTeamCountry "GER"]
[BlackTeamCountry "GER"]

1. e4 c5 2. Nf3 e6 3. d4 cxd4 4. Nxd4 a6 5. Nc3 Qc7 6. Bd3 Nf6 7. Qe2 Nc6 8.
Nxc6 dxc6 9. e5 Nd5 10. Nxd5 cxd5 11. O-O Bd7 12. Bd2 Bc5 13. Rfe1 O-O 14. Qh5
g6 15. Qh4 Rfe8 16. a4 Be7 17. Bg5 Bxg5 18. Qxg5 Qd8 19. Qf4 f5 20. exf6 Rf8
21. g3 Rxf6 22. Qd4 Rc8 23. f4 Qf8 24. Re5 Qc5 25. Qxc5 Rxc5 26. Kf2 Rf8 27. h4
Rfc8 28. c3 b5 29. a5 R5c6 30. Rae1 Rd6 31. h5 d4 32. cxd4 Rxd4 33. Ke3 Rb4 34.
hxg6 hxg6 35. Re2 Kg7 36. Rd2 Rb3 37. Kd4 Rd8 38. Rc5 Be8+ 39. Ke3 Bf7 40. Rc3
Rb4 41. Rc6 Ra8 42. Be4 Ra7 43. Rdd6 Rb3+ 44. Kd4 Rb4+ 45. Ke5 Ra4 46. b4 Rxb4
47. Rxa6 Rc7 48. Rac6 Ra7 49. a6 Ra4 50. Rb6 Ra3 51. Bb7 Rxg3 52. Rxb5 Rc3 53.
Rd8 Ra3 54. Rb6 g5 55. fxg5 Ra5+ 56. Kd6 Rxg5 57. Kc7 1-0

[Event "Bundesliga 0102"]
[Site "Deutschland"]
[Date "2002.02.01"]
[Round "5.7"]
[White "Perschke, Ulrich"]
[Black "Naumann, Alexander"]
[Result "1/2-1/2"]
[WhiteElo "2216"]
[BlackElo "2480"]
[PlyCount "82"]
[EventDate "2001.10.06"]
[EventType "team"]
[EventRounds "15"]
[EventCountry "GER"]
[SourceTitle "Bundesliga 0102"]
[Source "DeepChess"]
[SourceDate "2005.01.01"]
[SourceVersion "1"]
[SourceVersionDate "2005.01.01"]
[SourceQuality "1"]
[WhiteTeam "SGEM Heiligenhaus 1937 e. V."]
[BlackTeam "SG 1868 Aljech. Solingen"]
[WhiteTeamCountry "GER"]
[BlackTeamCountry "GER"]

1. g3 Nf6 2. c4 g6 3. Nc3 Bg7 4. Bg2 O-O 5. Nf3 d5 6. cxd5 Nxd5 7. O-O Nc6 8.
d4 Nb6 9. e3 e5 10. dxe5 Qxd1 11. Rxd1 Nxe5 12. Nxe5 Bxe5 13. e4 Be6 14. f4
Bxc3 15. bxc3 Rfd8 16. Rxd8+ Rxd8 17. Be3 Na4 18. Bd4 c5 19. Bf6 Rd2 20. a3 Nb6
21. Be7 Nd7 22. e5 b6 23. a4 f6 24. exf6 Kf7 25. a5 Nxf6 26. Bxf6 Kxf6 27. axb6
axb6 28. Rb1 Rd6 29. Kf2 Bc4 30. Be4 Rd2+ 31. Ke3 Re2+ 32. Kf3 b5 33. h3 Ra2
34. Ke3 Ra3 35. Kd2 Ra6 36. g4 Re6 37. Re1 b4 38. cxb4 cxb4 39. g5+ Kg7 40. f5
gxf5 41. Bxf5 Rxe1 1/2-1/2

[Event "Bundesliga 0102"]
[Site "Deutschland"]
[Date "2002.02.01"]
[Round "5.8"]
[White "Schaefer, Markus"]
[Black "Van Beers, Eddy"]
[Result "1/2-1/2"]
[WhiteElo "2403"]
[BlackElo "2323"]
[PlyCount "54"]
[EventDate "2001.10.06"]
[EventType "team"]
[EventRounds "15"]
[EventCountry "GER"]
[SourceTitle "Bundesliga 0102"]
[Source "DeepChess"]
[SourceDate "2005.01.01"]
[SourceVersion "1"]
[SourceVersionDate "2005.01.01"]
[SourceQuality "1"]
[WhiteTeam "SG 1868 Aljech. Solingen"]
[BlackTeam "SGEM Heiligenhaus 1937 e. V."]
[WhiteTeamCountry "GER"]
[BlackTeamCountry "GER"]

1. e4 c5 2. Nf3 d6 3. d4 cxd4 4. Nxd4 Nf6 5. Nc3 a6 6. Be2 e5 7. Nb3 Be7 8. O-O
O-O 9. a4 Nc6 10. f4 exf4 11. Bxf4 Be6 12. Nd4 Nxd4 13. Qxd4 Rc8 14. Kh1 Qc7
15. Rad1 Rfd8 16. Rd2 Qc5 17. Rfd1 Qxd4 18. Rxd4 Ne8 19. Bf3 Bf6 20. e5 dxe5
21. Bxe5 Rxd4 22. Bxd4 Bxd4 23. Rxd4 Rc7 24. Kg1 Kf8 25. Kf1 Ke7 26. Ke1 Nd6
27. Kd1 Rc4 1/2-1/2

[Event "Bundesliga 0102"]
[Site "Deutschland"]
[Date "2001.10.05"]
[Round "5.2"]
[White "Nielsen, Peter Heine"]
[Black "Rozentalis, Eduardas"]
[Result "1-0"]
[WhiteElo "2593"]
[BlackElo "2588"]
[PlyCount "77"]
[EventDate "2001.10.06"]
[EventType "team"]
[EventRounds "15"]
[EventCountry "GER"]
[SourceTitle "Bundesliga 0102"]
[Source "DeepChess"]
[SourceDate "2005.01.01"]
[SourceVersion "1"]
[SourceVersionDate "2005.01.01"]
[SourceQuality "1"]
[WhiteTeam "SV Wattenscheid 1930"]
[BlackTeam "SV Castrop Rauxel 1923"]
[WhiteTeamCountry "GER"]
[BlackTeamCountry "GER"]

1. c4 Nf6 2. Nc3 e6 3. Nf3 Bb4 4. Qc2 O-O 5. a3 Bxc3 6. Qxc3 b6 7. e3 Bb7 8.
Be2 d6 9. O-O Ne4 10. Qc2 Ng5 11. Nxg5 Qxg5 12. f3 e5 13. d4 exd4 14. exd4 Qf6
15. Be3 Re8 16. Qd2 d5 17. Bg5 Qe6 18. Rfe1 Nc6 19. c5 Qg6 20. Bd3 f5 21. Bb5
a6 22. Ba4 b5 23. Bb3 Nxd4 24. Qxd4 Qxg5 25. Re5 c6 26. Rae1 Rxe5 27. Qxe5 Rf8
28. Qe6+ Rf7 29. Qe8+ Rf8 30. Qe6+ Rf7 31. Qd6 h6 32. Re8+ Kh7 33. f4 Qg4 34.
h3 Qg3 35. Qe6 Rf6 36. Qg8+ Kg6 37. Re7 Kh5 38. Bd1+ Kh4 39. Rxg7 1-0

[Event "Bundesliga 0102"]
[Site "Deutschland"]
[Date "2001.10.05"]
[Round "5.3"]
[White "De Vreugt, Dennis"]
[Black "Rustemov, Alexander"]
[Result "1-0"]
[WhiteElo "2429"]
[BlackElo "2607"]
[PlyCount "121"]
[EventDate "2001.10.06"]
[EventType "team"]
[EventRounds "15"]
[EventCountry "GER"]
[SourceTitle "Bundesliga 0102"]
[Source "DeepChess"]
[SourceDate "2005.01.01"]
[SourceVersion "1"]
[SourceVersionDate "2005.01.01"]
[SourceQuality "1"]
[WhiteTeam "SV Castrop Rauxel 1923"]
[BlackTeam "SV Wattenscheid 1930"]
[WhiteTeamCountry "GER"]
[BlackTeamCountry "GER"]

1. e4 e6 2. d4 d5 3. Nc3 Nc6 4. Be3 Bb4 5. e5 Nge7 6. Bd3 Nf5 7. Bxf5 exf5 8.
Qd3 Be6 9. Nf3 h6 10. h4 Qd7 11. h5 Be7 12. Ne2 Nb4 13. Qd2 b6 14. c3 Nc6 15.
Qd3 O-O-O 16. Nf4 Kb7 17. Nh4 Rhe8 18. Nxe6 fxe6 19. Ng6 Rc8 20. b4 a5 21. a3
a4 22. Rc1 Na7 23. c4 dxc4 24. Rxc4 Nb5 25. O-O Bg5 26. Rfc1 c6 27. Kh2 Qd5 28.
f3 Rc7 29. R1c2 Rd8 30. f4 Be7 31. Rxc6 Rxc6 32. Nxe7 Qb3 33. Qxb3 axb3 34.
Nxc6 Ra8 35. Nd8+ Rxd8 36. Rb2 Nxa3 37. Rxb3 Nc4 38. Bf2 Kc6 39. Rg3 Rd7 40.
d5+ exd5 41. Rg6+ Kb5 42. e6 Re7 43. Bd4 Re8 44. g4 Nd2 45. Bxg7 d4 46. gxf5 d3
47. Kg2 Ne4 48. Kf3 d2 49. Rg1 Nd6 50. f6 Rxe6 51. Rd1 Nc4 52. f7 Re1 53. Rxd2
Nxd2+ 54. Kg4 Rg1+ 55. Kf5 Rxg7 56. f8=Q Rg3 57. Qxh6 Nc4 58. Qe6 Kxb4 59. Qe1+
Rc3 60. h6 Kb3 61. Qxc3+ 1-0

[Event "Bundesliga 0102"]
[Site "Deutschland"]
[Date "2000.02.01"]
[Round "5.4"]
[White "Hall, Jesper"]
[Black "Doettling, Fabian"]
[Result "1/2-1/2"]
[WhiteElo "2501"]
[BlackElo "2518"]
[PlyCount "31"]
[EventDate "2001.10.06"]
[EventType "team"]
[EventRounds "15"]
[EventCountry "GER"]
[SourceTitle "Bundesliga 0102"]
[Source "DeepChess"]
[SourceDate "2005.01.01"]
[SourceVersion "1"]
[SourceVersionDate "2005.01.01"]
[SourceQuality "1"]
[WhiteTeam "SV Wattenscheid 1930"]
[BlackTeam "SV Castrop Rauxel 1923"]
[WhiteTeamCountry "GER"]
[BlackTeamCountry "GER"]

1. e4 c6 2. d4 d5 3. e5 Bf5 4. Nc3 Qb6 5. g4 Bd7 6. Na4 Qc7 7. Nh3 e6 8. Nf4 c5
9. Nxc5 Bxc5 10. dxc5 Qxe5+ 11. Qe2 Qxe2+ 12. Bxe2 Ne7 13. Nd3 Nbc6 14. f4 f6
15. O-O O-O 16. c3 1/2-1/2

[Event "Bundesliga 0102"]
[Site "Deutschland"]
[Date "2000.02.01"]
[Round "5.5"]
[White "Seul, Georg"]
[Black "Holzke, Frank"]
[Result "1/2-1/2"]
[WhiteElo "2427"]
[BlackElo "2468"]
[PlyCount "61"]
[EventDate "2001.10.06"]
[EventType "team"]
[EventRounds "15"]
[EventCountry "GER"]
[SourceTitle "Bundesliga 0102"]
[Source "DeepChess"]
[SourceDate "2005.01.01"]
[SourceVersion "1"]
[SourceVersionDate "2005.01.01"]
[SourceQuality "1"]
[WhiteTeam "SV Castrop Rauxel 1923"]
[BlackTeam "SV Wattenscheid 1930"]
[WhiteTeamCountry "GER"]
[BlackTeamCountry "GER"]

1. e4 e6 2. g3 d5 3. Nc3 dxe4 4. Nxe4 Bd7 5. Nf3 Bc6 6. Qe2 Nd7 7. Bg2 Ngf6 8.
d3 Nxe4 9. dxe4 e5 10. O-O Bc5 11. Bd2 a5 12. a3 a4 13. b4 axb3 14. cxb3 Bd6
15. b4 Nf6 16. Bc3 Nxe4 17. Bxe5 O-O 18. Bb2 Re8 19. Qc2 Ba4 20. Qc4 Qd7 21.
Rfe1 Qf5 22. Qd4 Qf6 23. Qxf6 Nxf6 24. Nd4 Be5 25. f4 Bxd4+ 26. Bxd4 c6 27.
Bxf6 gxf6 28. Rxe8+ Rxe8 29. Kf2 Rd8 30. Ke3 Re8+ 31. Kf2 1/2-1/2

[Event "Bundesliga 0102"]
[Site "Deutschland"]
[Date "2000.02.01"]
[Round "5.6"]
[White "Ellers, Holger"]
[Black "Bosch, Jeroen"]
[Result "1/2-1/2"]
[WhiteElo "2444"]
[BlackElo "2475"]
[PlyCount "85"]
[EventDate "2001.10.06"]
[EventType "team"]
[EventRounds "15"]
[EventCountry "GER"]
[SourceTitle "Bundesliga 0102"]
[Source "DeepChess"]
[SourceDate "2005.01.01"]
[SourceVersion "1"]
[SourceVersionDate "2005.01.01"]
[SourceQuality "1"]
[WhiteTeam "SV Wattenscheid 1930"]
[BlackTeam "SV Castrop Rauxel 1923"]
[WhiteTeamCountry "GER"]
[BlackTeamCountry "GER"]

1. d4 d5 2. c4 e6 3. Nf3 c5 4. cxd5 exd5 5. g3 Nc6 6. Bg2 Nf6 7. O-O Be7 8. Be3
c4 9. b3 cxb3 10. Qxb3 Na5 11. Qd3 Nc4 12. Bg5 Ne4 13. Bxe7 Qxe7 14. Nfd2 Ncd6
15. Nc3 Nxc3 16. Qxc3 O-O 17. e3 Be6 18. Rfc1 Rfd8 19. Qa5 b6 20. Qa3 Rac8 21.
Nf3 f6 22. Ne1 Kf8 23. Nd3 Ne4 24. Qb3 g5 25. a3 Qd7 26. f3 Nd6 27. f4 Nc4 28.
fxg5 fxg5 29. Ne5 Nxe5 30. Rxc8 Nf3+ 31. Bxf3 Rxc8 32. Rf1 Kg7 33. Bg2 Rf8 34.
Rc1 Re8 35. Rf1 Rf8 36. Rxf8 Kxf8 37. Qb2 Ke7 38. e4 dxe4 39. Bxe4 Bf5 40. d5
Bxe4 41. Qe5+ Kd8 42. Qxe4 Qe7 43. Qd3 1/2-1/2

[Event "Bundesliga 0102"]
[Site "Deutschland"]
[Date "2000.02.01"]
[Round "5.7"]
[White "Dinstuhl, Volkmar"]
[Black "Straeter, Timo"]
[Result "1-0"]
[WhiteElo "2402"]
[BlackElo "2310"]
[PlyCount "105"]
[EventDate "2001.10.06"]
[EventType "team"]
[EventRounds "15"]
[EventCountry "GER"]
[SourceTitle "Bundesliga 0102"]
[Source "DeepChess"]
[SourceDate "2005.01.01"]
[SourceVersion "1"]
[SourceVersionDate "2005.01.01"]
[SourceQuality "1"]
[WhiteTeam "SV Castrop Rauxel 1923"]
[BlackTeam "SV Wattenscheid 1930"]
[WhiteTeamCountry "GER"]
[BlackTeamCountry "GER"]

1. d4 e6 2. c4 f5 3. g3 Nf6 4. Bg2 c6 5. Qc2 d5 6. Nh3 Bd6 7. O-O O-O 8. Bf4
Nh5 9. Bxd6 Qxd6 10. e3 Bd7 11. Nc3 a5 12. Na4 Na6 13. Nb6 Rad8 14. c5 Qe7 15.
Nxd7 Rxd7 16. Nf4 Nxf4 17. exf4 g5 18. fxg5 Qxg5 19. Rae1 Nc7 20. Re5 Rg7 21.
Qb3 Qg4 22. f4 h5 23. Qxb7 h4 24. Qxc6 Rb8 25. b3 Rb4 26. Rxe6 Nxe6 27. Qxe6+
Kh7 28. Qxd5 hxg3 29. h3 Qe2 30. Qxf5+ Rg6 31. Qe4 Qh5 32. Qe7+ Rg7 33. Be4+
Kh8 34. Qf8+ Rg8 35. Qf6+ Rg7 36. Qf8+ Rg8 37. Qf6+ Rg7 38. Bg2 Qe8 39. Qh6+
Rh7 40. Qf6+ Rg7 41. Qe5 Qxe5 42. dxe5 Re7 43. c6 Kg7 44. Rc1 Rb8 45. Rc3 Kg6
46. Be4+ Kh5 47. Rxg3 Rb4 48. Re3 a4 49. f5 Kg5 50. f6 Ra7 51. Bd5 axb3 52.
Bxb3 Rf4 53. f7 1-0

[Event "Bundesliga 0102"]
[Site "Deutschland"]
[Date "2000.02.01"]
[Round "5.8"]
[White "Thiel, Thomas"]
[Black "Hennig, Dirk"]
[Result "1-0"]
[WhiteElo "2314"]
[BlackElo "2428"]
[PlyCount "49"]
[EventDate "2001.10.06"]
[EventType "team"]
[EventRounds "15"]
[EventCountry "GER"]
[SourceTitle "Bundesliga 0102"]
[Source "DeepChess"]
[SourceDate "2005.01.01"]
[SourceVersion "1"]
[SourceVersionDate "2005.01.01"]
[SourceQuality "1"]
[WhiteTeam "SV Wattenscheid 1930"]
[BlackTeam "SV Castrop Rauxel 1923"]
[WhiteTeamCountry "GER"]
[BlackTeamCountry "GER"]

1. e4 c6 2. d4 d5 3. exd5 cxd5 4. c4 Nf6 5. Nc3 g6 6. Qb3 Bg7 7. cxd5 O-O 8.
Be2 Na6 9. Bf4 Qa5 10. Nf3 Rd8 11. Bc4 Nb4 12. d6 exd6 13. Bxf7+ Kh8 14. O-O
Nd3 15. Bd2 Qf5 16. Ne2 Nh5 17. Ng3 Nxg3 18. fxg3 Nxb2 19. g4 Qd7 20. Bd5 Na4
21. Ng5 Bxd4+ 22. Kh1 Nc5 23. Qc4 Qa4 24. Nf7+ Kg7 25. Bh6+ 1-0

[Event "Bundesliga 0102"]
[Site "Deutschland"]
[Date "2002.02.01"]
[Round "5.1"]
[White "Golubev, Mihail"]
[Black "Khenkin, Igor"]
[Result "1-0"]
[WhiteElo "2526"]
[BlackElo "2579"]
[PlyCount "51"]
[EventDate "2001.10.06"]
[EventType "team"]
[EventRounds "15"]
[EventCountry "GER"]
[SourceTitle "Bundesliga 0102"]
[Source "DeepChess"]
[SourceDate "2005.01.01"]
[SourceVersion "1"]
[SourceVersionDate "2005.01.01"]
[SourceQuality "1"]
[WhiteTeam "Stuttgarter SF 1879"]
[BlackTeam "TV Tegernsee"]
[WhiteTeamCountry "GER"]
[BlackTeamCountry "GER"]

1. e4 c6 2. d4 d5 3. e5 Bf5 4. c3 e6 5. Be3 Nd7 6. Nd2 f6 7. f4 g5 8. Nh3 gxf4
9. Nxf4 fxe5 10. Qh5+ Ke7 11. dxe5 Nxe5 12. Bd4 Bg7 13. Nc4 Nf3+ 14. Qxf3 Bxd4
15. cxd4 dxc4 16. O-O-O c3 17. Bc4 cxb2+ 18. Kxb2 Nf6 19. Rhe1 Bg4 20. Qg3 Re8
21. Nxe6 Qb6+ 22. Ka1 Qa5 23. h3 Bxd1 24. Nc5+ Kf8 25. Nd7+ Nxd7 26. Qg8# 1-0

[Event "Bundesliga 0102"]
[Site "Deutschland"]
[Date "2002.02.01"]
[Round "5.2"]
[White "Ribli, Zoltan"]
[Black "Hickl, Joerg"]
[Result "1/2-1/2"]
[WhiteElo "2564"]
[BlackElo "2600"]
[PlyCount "45"]
[EventDate "2001.10.06"]
[EventType "team"]
[EventRounds "15"]
[EventCountry "GER"]
[SourceTitle "Bundesliga 0102"]
[Source "DeepChess"]
[SourceDate "2005.01.01"]
[SourceVersion "1"]
[SourceVersionDate "2005.01.01"]
[SourceQuality "1"]
[WhiteTeam "TV Tegernsee"]
[BlackTeam "Stuttgarter SF 1879"]
[WhiteTeamCountry "GER"]
[BlackTeamCountry "GER"]

1. d4 Nf6 2. Nf3 c5 3. c4 cxd4 4. Nxd4 g6 5. Nc3 Bg7 6. g3 Nc6 7. Bg2 O-O 8.
O-O Nxd4 9. Qxd4 d6 10. Qd3 Rb8 11. Be3 Qa5 12. Bd4 Be6 13. Rac1 a6 14. b3 Rfc8
15. Rc2 b5 16. cxb5 axb5 17. Rfc1 b4 18. Nd1 Rxc2 19. Rxc2 Nd7 20. Bxg7 Kxg7
21. Qd4+ Qe5 22. Qxe5+ Nxe5 23. Ne3 1/2-1/2

[Event "Bundesliga 0102"]
[Site "Deutschland"]
[Date "2002.02.01"]
[Round "5.3"]
[White "Gabriel, Christian"]
[Black "Hertneck, Gerald"]
[Result "1/2-1/2"]
[WhiteElo "2545"]
[BlackElo "2572"]
[PlyCount "90"]
[EventDate "2001.10.06"]
[EventType "team"]
[EventRounds "15"]
[EventCountry "GER"]
[SourceTitle "Bundesliga 0102"]
[Source "DeepChess"]
[SourceDate "2005.01.01"]
[SourceVersion "1"]
[SourceVersionDate "2005.01.01"]
[SourceQuality "1"]
[WhiteTeam "Stuttgarter SF 1879"]
[BlackTeam "TV Tegernsee"]
[WhiteTeamCountry "GER"]
[BlackTeamCountry "GER"]

1. Nf3 Nf6 2. c4 c5 3. Nc3 Nc6 4. g3 e6 5. Bg2 d5 6. cxd5 Nxd5 7. O-O Be7 8. d4
O-O 9. Nxd5 exd5 10. dxc5 Bxc5 11. Bg5 f6 12. Bf4 Be6 13. Rc1 Qe7 14. a3 Rfd8
15. Qd3 Bb6 16. Rfd1 Rd7 17. b4 Re8 18. Rc2 d4 19. h4 Qf7 20. Rdc1 Ne7 21. Ne1
Ng6 22. Rc8 Nxf4 23. gxf4 Rde7 24. Rxe8+ Qxe8 25. Bf3 h5 26. f5 Bf7 27. Ng2 Qb8
28. Qd2 Qe5 29. Rc8+ Re8 30. Rxe8+ Bxe8 31. Qf4 Bd7 32. Bxh5 Bxf5 33. Bf3 Qxf4
34. Nxf4 Bc7 35. Bd5+ Kh7 36. Ne6 Be5 37. Nd8 b6 38. Nc6 a6 39. Bc4 Bc8 40. Ne7
Bb7 41. Bd5 Bxd5 42. Nxd5 b5 43. f4 Bd6 44. Kg2 Kg6 45. Kf3 f5 1/2-1/2

[Event "Bundesliga 0102"]
[Site "Deutschland"]
[Date "2002.02.01"]
[Round "5.4"]
[White "Nataf, Igor Alexandre"]
[Black "Bunzmann, Dimitrij"]
[Result "1/2-1/2"]
[WhiteElo "2527"]
[BlackElo "2509"]
[PlyCount "55"]
[EventDate "2001.10.06"]
[EventType "team"]
[EventRounds "15"]
[EventCountry "GER"]
[SourceTitle "Bundesliga 0102"]
[Source "DeepChess"]
[SourceDate "2005.01.01"]
[SourceVersion "1"]
[SourceVersionDate "2005.01.01"]
[SourceQuality "1"]
[WhiteTeam "TV Tegernsee"]
[BlackTeam "Stuttgarter SF 1879"]
[WhiteTeamCountry "GER"]
[BlackTeamCountry "GER"]

1. e4 e6 2. d4 d5 3. Nc3 Bb4 4. exd5 exd5 5. Bd3 Nc6 6. a3 Ba5 7. Be3 Nf6 8. h3
Ne4 9. Nge2 f5 10. O-O O-O 11. f3 Nxc3 12. bxc3 Qf6 13. Qd2 Bd7 14. Kh1 Rae8
15. Rfe1 f4 16. Bf2 Kh8 17. Bb5 Nb8 18. a4 a6 19. Bd3 Nc6 20. Reb1 Bc8 21. Rd1
Nd8 22. Nc1 Qh6 23. Nb3 Bb6 24. a5 Ba7 25. Bf1 Nf7 26. Re1 Nd6 27. Rxe8 Rxe8
28. Re1 1/2-1/2

[Event "Bundesliga 0102"]
[Site "Deutschland"]
[Date "2002.02.01"]
[Round "5.5"]
[White "Buhmann, Rainer"]
[Black "Teske, Henrik"]
[Result "1/2-1/2"]
[WhiteElo "2498"]
[BlackElo "2486"]
[PlyCount "94"]
[EventDate "2001.10.06"]
[EventType "team"]
[EventRounds "15"]
[EventCountry "GER"]
[SourceTitle "Bundesliga 0102"]
[Source "DeepChess"]
[SourceDate "2005.01.01"]
[SourceVersion "1"]
[SourceVersionDate "2005.01.01"]
[SourceQuality "1"]
[WhiteTeam "Stuttgarter SF 1879"]
[BlackTeam "TV Tegernsee"]
[WhiteTeamCountry "GER"]
[BlackTeamCountry "GER"]

1. Nf3 c5 2. c4 Nc6 3. g3 g6 4. Bg2 Bg7 5. O-O Nf6 6. Nc3 d6 7. a3 O-O 8. Rb1
d5 9. cxd5 Nxd5 10. Nxd5 Qxd5 11. d3 b6 12. Be3 Bb7 13. b4 cxb4 14. axb4 Rfd8
15. Nd4 Qd7 16. Nxc6 Bxc6 17. Bxc6 Qxc6 18. b5 Qd7 19. Qa4 Bd4 20. Bxd4 Qxd4
21. Qxd4 Rxd4 22. Rfc1 Rad8 23. f4 e5 24. fxe5 Re8 25. Rc7 Rxe5 26. Rb2 Ra4 27.
Kf2 Rf5+ 28. Kg2 Ra5 29. g4 Rd5 30. Kf3 h5 31. h3 hxg4+ 32. hxg4 Rd4 33. Rb3
Rd5 34. e4 Rdxb5 35. Rxb5 Rxb5 36. Rxa7 Kg7 37. d4 Kf6 38. e5+ Ke6 39. Ke4 f5+
40. exf6 Kxf6 41. Rc7 Rg5 42. Rc6+ Ke7 43. Kf4 Rd5 44. Rxb6 Rxd4+ 45. Kg5 Kf7
46. Rxg6 Rxg4+ 47. Kxg4 Kxg6 1/2-1/2

[Event "Bundesliga 0102"]
[Site "Deutschland"]
[Date "2002.02.01"]
[Round "5.6"]
[White "Stangl, Markus"]
[Black "Schmittdiel, Eckhard"]
[Result "1-0"]
[WhiteElo "2457"]
[BlackElo "2490"]
[PlyCount "94"]
[EventDate "2001.10.06"]
[EventType "team"]
[EventRounds "15"]
[EventCountry "GER"]
[SourceTitle "Bundesliga 0102"]
[Source "DeepChess"]
[SourceDate "2005.01.01"]
[SourceVersion "1"]
[SourceVersionDate "2005.01.01"]
[SourceQuality "1"]
[WhiteTeam "TV Tegernsee"]
[BlackTeam "Stuttgarter SF 1879"]
[WhiteTeamCountry "GER"]
[BlackTeamCountry "GER"]

1. Nf3 Nf6 2. c4 e6 3. g3 g6 4. Bg2 Bg7 5. O-O O-O 6. d4 d5 7. Nc3 Ne4 8. Bf4
Nc6 9. Rc1 f6 10. cxd5 exd5 11. Qb3 Nxc3 12. Rxc3 g5 13. Be3 Na5 14. Qc2 Nc4
15. Bc1 c6 16. e4 Nb6 17. e5 h6 18. exf6 Rxf6 19. h4 Bf5 20. Qd1 gxh4 21. Nxh4
Be4 22. Bxe4 dxe4 23. Qg4 Qd7 24. Qxd7 Nxd7 25. Re3 Re6 26. Rfe1 Rae8 27. Nf5
Bf8 28. Rb3 b6 29. Bf4 Kf7 30. Kg2 Rf6 31. Ne3 Rg6 32. Nc4 Rge6 33. Rbe3 Nf6
34. Be5 b5 35. Bxf6 bxc4 36. Be5 c5 37. Rc1 cxd4 38. Bxd4 Rc6 39. Rec3 Rec8 40.
b3 Ke6 41. Rxc4 Rxc4 42. Rxc4 Rxc4 43. bxc4 a6 44. g4 Be7 45. Kg3 Bg5 46. f4
exf3 47. Kxf3 Be7 1-0